MARC details
| 000 -LEADER |
| fixed length control field |
02122cam a22004098a 4500 |
| 001 - CONTROL NUMBER |
| control field |
4432776 |
| 003 - CONTROL NUMBER IDENTIFIER |
| control field |
EG-ScBUE |
| 005 - DATE AND TIME OF LATEST TRANSACTION |
| control field |
20220523103704.0 |
| 008 - FIXED-LENGTH DATA ELEMENTS--GENERAL INFORMATION |
| fixed length control field |
940414m19971999enk f 000 0 eng d |
| 020 ## - INTERNATIONAL STANDARD BOOK NUMBER |
| International Standard Book Number |
0521467446 (Intro Student's Book) |
| 020 ## - INTERNATIONAL STANDARD BOOK NUMBER |
| International Standard Book Number |
9780521467445 (Intro Student's Book) |
| 020 ## - INTERNATIONAL STANDARD BOOK NUMBER |
| International Standard Book Number |
0521467438 (Intro Workbook) |
| 020 ## - INTERNATIONAL STANDARD BOOK NUMBER |
| International Standard Book Number |
9780521467438 (Intro Workbook) |
| 040 ## - CATALOGING SOURCE |
| Original cataloging agency |
DLC |
| Language of cataloging |
eng |
| Description conventions |
rda |
| Transcribing agency |
DLC |
| Modifying agency |
DLC |
| -- |
EG-ScBUE |
| 082 04 - DEWEY DECIMAL CLASSIFICATION NUMBER |
| Classification number |
428.24 |
| Item number |
RIC |
| Edition number |
22 |
| 100 1# - MAIN ENTRY--PERSONAL NAME |
| Personal name |
Richards, Jack C, |
| Dates associated with a name |
1943- |
| Relator term |
author. |
| 9 (RLIN) |
7856 |
| 245 10 - TITLE STATEMENT |
| Title |
Interchange : |
| Remainder of title |
English for international communication, |
| Name of part/section of a work |
Intro / |
| Statement of responsibility, etc |
Jack C. Richards. |
| 246 30 - VARYING FORM OF TITLE |
| Title proper/short title |
Intro |
| 250 ## - EDITION STATEMENT |
| Edition statement |
Reprinted edition. |
| 264 #1 - PUBLICATION, DISTRIBUTION, ETC. (IMPRINT) |
| Place of publication, distribution, etc |
Cambridge, U.K. : |
| Name of publisher, distributor, etc |
Cambridge University Press, |
| Date of publication, distribution, etc |
[between 1997-1999] |
| 300 ## - PHYSICAL DESCRIPTION |
| Extent |
2 volumes : |
| Other physical details |
color illustrations ; |
| Dimensions |
28 cm |
| 336 ## - CONTENT TYPE |
| Source |
rdacontent |
| Content type term |
text |
| Content type code |
txt |
| 337 ## - MEDIA TYPE |
| Source |
rdamedia |
| Media type term |
unmediated |
| Media type code |
n |
| 338 ## - CARRIER TYPE |
| Source |
rdacarrier |
| Carrier type term |
volume |
| Carrier type code |
nc |
| 505 0# - FORMATTED CONTENTS NOTE |
| Formatted contents note |
Student's book -- Work book. |
| 520 ## - SUMMARY, ETC. |
| Summary, etc |
Interchange Intro is an introductory level for the Interchange series, providing students of English at the beginner level with a smooth transition to Interchange 1. Intro features a step-by-step presentation of grammar, clear illustrations of new vocabulary, and interesting facts and statistics to engage the students' interest. |
| 650 #7 - SUBJECT ADDED ENTRY--TOPICAL TERM |
| Topical term or geographic name as entry element |
English language |
| Form subdivision |
Textbooks for foreign speakers. |
| Source of heading or term |
BUEsh |
| 9 (RLIN) |
7857 |
| 650 #7 - SUBJECT ADDED ENTRY--TOPICAL TERM |
| Topical term or geographic name as entry element |
Communication, International |
| Form subdivision |
Problems, exercises, etc. |
| Source of heading or term |
BUEsh |
| 9 (RLIN) |
7858 |
| 653 ## - INDEX TERM--UNCONTROLLED |
| Resource For college |
Humanities: English |
| Arrived date list |
December2019 |
| 655 ## - INDEX TERM--GENRE/FORM |
| Form subdivision |
Reading book |
| 9 (RLIN) |
34232 |
| 740 0# - ADDED ENTRY--UNCONTROLLED RELATED/ANALYTICAL TITLE |
| Uncontrolled related/analytical title |
Interchange : English for international communication : |
| Name of part/section of a work |
Intro student's book |
| 740 0# - ADDED ENTRY--UNCONTROLLED RELATED/ANALYTICAL TITLE |
| Uncontrolled related/analytical title |
Interchange : English for international communication : |
| Name of part/section of a work |
Intro student's book |
| 856 42 - ELECTRONIC LOCATION AND ACCESS |
| Materials specified |
Publisher description |
| Uniform Resource Identifier |
<a href="http://www.loc.gov/catdir/description/cam026/94017933.html">http://www.loc.gov/catdir/description/cam026/94017933.html</a> |
| 856 41 - ELECTRONIC LOCATION AND ACCESS |
| Materials specified |
Table of contents |
| Uniform Resource Identifier |
<a href="http://www.loc.gov/catdir/toc/cam028/94017933.html">http://www.loc.gov/catdir/toc/cam028/94017933.html</a> |
| 942 ## - ADDED ENTRY ELEMENTS (KOHA) |
| Source of classification or shelving scheme |
Dewey Decimal Classification |
| Koha item type |
Book - Borrowing |